00470nam a2200181Ia 4500003000900000008004100009020001900050040001600069080001200085245005900097250001100156260003700167300001600204650001400220650001900234650001400253700002100267IN-BaIIA211028s9999 xx 000 0 eng d a0-08379-1106-0 cIIA Library a58bMAR 0aWho's who in the world 1982-1983cedited by Adele Hast a6th ed aChicagobMarquis Who's Whoc1982 axiv, 1178p. aBiography aNASA Thesaurus aYear Book aHast, Adele, ed.